Analytická psychologie : Její teorie a praxe. Tavistocké přednášky /

Salvato in:
Dettagli Bibliografici
Autore principale: Jung, Karl Gustav (Autore)
Natura: Libro
Lingua:ceco
Pubblicazione: Praha : Academia, 1993
Edizione:2.vyd.
Soggetti:
Tags: Aggiungi Tag
Nessun Tag, puoi essere il primo ad aggiungerne!!

MARC

LEADER 00000nam a22000003a 4500
001 stu4534
005 20150617225810.6
008 930831s1993----xr------------------cze-d
020 |a 80-200-0480-7 
040 |a STU  |b slo 
041 0 |a cze 
044 |a xr 
080 |a 159.95 
100 1 |a Jung, Karl Gustav  |4 aut 
245 1 |a Analytická psychologie :  |b Její teorie a praxe. Tavistocké přednášky /  |c [aut.] Jung,Karl Gustav 
250 |a 2.vyd. 
260 |a Praha :  |b Academia,  |c 1993 
300 |a 205 s 
650 7 |a psychológia  |2 stusub 
650 7 |a vedomie  |2 stusub 
650 7 |a vyššie duševné procesy  |2 stusub 
996 |b E78249  |c R*78249  |l RRUM  |s A  |a 24  |w stu4534_0001